Famous Catalan Peapole - Statistics

General Stats
  • This quiz has been taken 49 times
  • The average score is 7 of 16
Answer Stats
Picture Hint Answer % Correct
Painter Salvador Dali
100%
Architect Antoni Gaudi
90%
Soccer Player Gerard Pique
86%
Singer Rosalia
83%
Lluis Companys
52%
King Jaume I
40%
Humorist Peyu
40%
Writer Mercè Rodoreda
38%
Politican Francesc Macià
36%
Writer Ramon Llull
29%
Activist Salvador Puig Antich
24%
Singer Nuria Feliu
21%
Singer Lluis Lach
14%
Singer Xavier Cugat
10%
Architect and teacher Miquel Vilaró
2%
Queen Ermessenda de Carcasona
0%
No matching quizzes found
Score Distribution
Percent of People with Each Score
Percentile by Number Answered
Your Score History
You have not taken this quiz